Los Dos Rostros históricos de la civilización occidental /
Guardado en:
| Autor principal: | |
|---|---|
| Formato: | Texto |
| Materias: | |
| Etiquetas: |
Agregar Etiqueta
Sin Etiquetas, Sea el primero en etiquetar este registro!
|
MARC
| LEADER | 00000 a a2200000 04500 | ||
|---|---|---|---|
| 001 | 18274 | ||
| 003 | |||
| 040 | |||
| 100 | |a Tantaleán Arbulú, Javier | ||
| 245 | |a Los Dos Rostros históricos de la civilización occidental / |c Javier Tantaleán Arbulú | ||
| 500 | |a Contiene 15 notas a la ilustración no. 1 | ||
| 650 | |a CIVILIZACION | ||
| 650 | |a MODERNIZACION | ||
| 650 | |a SOCIEDAD POSTINDUSTRIAL | ||
| 650 | |a TEORIA SOCIAL | ||
| 650 | |a CAMBIO SOCIAL | ||
| 773 | |g número 96; páginas 9-32 | ||
| 999 | |c 25783 |d 25783 | ||
